Theories of bibliographies education (Record no. 147433)

MARC details
000 -LEADER
fixed length control field 00744nam a2200253Ia 4500
003 - CONTROL NUMBER IDENTIFIER
control field OSt
005 - DATE AND TIME OF LATEST TRANSACTION
control field 20220918173146.0
008 - FIXED-LENGTH DATA ELEMENTS--GENERAL INFORMATION
fixed length control field 220917b |||||||| |||| 00| 0 eng d
037 ## - SOURCE OF ACQUISITION
Terms of availability Textual
040 ## - CATALOGING SOURCE
Original cataloging agency ARTS
Transcribing agency ARTS
Language of cataloging eng
041 ## - LANGUAGE CODE
Source of code eng
Language code of text/sound track or separate title eng
100 ## - MAIN ENTRY--PERSONAL NAME
Personal name Oberman Cerise. ed
9 (RLIN) 45148
245 #0 - TITLE STATEMENT
Title Theories of bibliographies education
Remainder of title Designs for teaching
260 ## - PUBLICATION, DISTRIBUTION, ETC.
Place of publication, distribution, etc. New York
Name of publisher, distributor, etc. R R Bowker
Date of publication, distribution, etc. 1982
300 ## - PHYSICAL DESCRIPTION
Extent viii,233p Bibliography
Dimensions cm.
650 ## - SUBJECT ADDED ENTRY--TOPICAL TERM
Topical term or geographic name entry element LIBRARY SCIENCE
700 ## - ADDED ENTRY--PERSONAL NAME
Personal name Strauch Katina. ed
9 (RLIN) 45149
942 ## - ADDED ENTRY ELEMENTS (KOHA)
Classification part 2:71, M2 (2D)
Koha item type Textual
Source of classification or shelving scheme Colon Classification (CC)
Holdings
Withdrawn status Lost status Damaged status Not for loan Home library Current library Date acquired Total Checkouts Full call number Barcode Date last seen Price effective from Koha item type
        Arts Library Arts Library 2022-09-18   2:71 M2 (2D) AL0887935 2022-09-18 2022-09-18 Textual
Copyright @ Delhi University Library System